Statistics for Fruits in Spanish Quiz

Click here to take the quiz!

General Stats

  • This quiz has been taken 57 times
  • The average score is 6 of 12

Answer Stats

FruitSpanish% Correct
OrangeNaranja
90%
LemonLimón
88%
AppleManzana
88%
PineapplePiña
76%
BananaPlátano
63%
LimeLima
56%
CherryCereza
46%
PumpkinCalabaza
34%
RaspberryFrambuesa
32%
BlackberryMora
29%
BlueberryArándano
24%
PeachDurazno
22%

Score Distribution

Percentile by Number Answered

Percent of People with Each Score

Your Score History

You have not taken this quiz